000 00254nam a2200109Ia 4500
005 20251222144842.0
008 251222s9999||||xx |||||||||||||| ||spa||
082 _a920/B5/39
100 _a"Belaúnde, Javier de"
245 0 _aSimón Bolívar
942 _cLIB
999 _c21284
_d21284